Green light six : Student book

保存先:
書誌詳細
第一著者: Williams, Ivor
フォーマット: 図書
言語:Undetermined
出版事項: London McGraw-Hill/ELT 2003
主題:
タグ: タグ追加
タグなし, このレコードへの初めてのタグを付けませんか!
Thư viện lưu trữ: Trung tâm Học liệu Trường Đại học Cần Thơ
LEADER 00595nam a2200217Ia 4500
001 CTU_125866
008 210402s9999 xx 000 0 und d
020 |c 3.95 
082 |a 428.0076 
082 |b W721/Vol.6 
100 |a Williams, Ivor 
245 0 |a Green light six : 
245 0 |b Student book 
245 0 |c Ivor Williams and Dermot Curley 
260 |a London 
260 |b McGraw-Hill/ELT 
260 |c 2003 
650 |a English language,English language 
650 |x Textbooks for foreign speakers 
904 |i Giang 
980 |a Trung tâm Học liệu Trường Đại học Cần Thơ